Pays qui possédaient Tripoli à travers l'histoire - Statistiques

Statistiques générales
  • Ce quiz a été pris 50 fois
  • Le résultat moyen est 8 sur 21
Statistiques - réponses
Période Pays % Correct
1951 - Aujourd'hui Libye
98%
1911 - 1943 Libye Italienne
94%
1551 - 1911 Empire Ottoman
92%
- 29 - 395 Empire Romain
83%
533 - 647 Empire Byzantin
58%
661 - 750 Califat Omeyyade
54%
1943 - 1951 Administration Brittanique
42%
-161 -/- 146 Carthage
42%
-146 -/- 29 République Romaine
42%
750 - 800 Califat Abbasside
38%
395 - 435 Empire Romain d'Occident
33%
909 - 1048 Califat Fatimide
29%
VII av J-C. - ? Phénicie
23%
435 - 533 Royaume Vandale
19%
647 - 661 Califat Rachidun
15%
1152 - 1228 Almohades
13%
? -/- 161 Royaume de Cyrenaïque
10%
1048 - 1135 Zirides
10%
1135 - 1152 Royaume d'Afrique / Sicile
8%
800 - 909 Aghlabides
6%
1228 - 1551 Califat Hafsides
2%
Aucun quiz correspondant
Distribution des résultats
% des personnes avec chaque résultat
Percentile par nombre de réponses
Votre historique - résultats
Vous n’avez pas pris ce quiz